Responses for Show #5100 - Friday, November 10, 2006

2006 Celebrity Jeopardy! game 3.
From Radio City Music Hall in New York City.
Law & Order's signature "doink doink" sound used as "end-of-round" signal to end the Jeopardy! Round.

Contestants

[<< previous game]

Christopher Meloni, an Emmy-nominated actor from Law & Order: Special Victims Unit

Kathryn Erbe, an actress from Law & Order: Criminal Intent

Sam Waterston, an actor from Law & Order

[next game >>]

Jeopardy! Round responses

MAN HATTIN'
A TICKER-TAPE PARADE
CONVERT THE ROMAN NUMERAL
POP GOES THE MUSICAL
LAWN ORDER
SUV
    $200 11
(Alex: [Before reading the clue] You deserve it.)

the Statue of Liberty

Sam
    $200 1
64

Sam
    $200 23
the '60s

Christopher
    $200 2
Wilson

Christopher
    $200 5
the Chevy Suburban

Sam
    $400 16
(Christopher: What is England?)

Scotland

SamChristopher
    $400 12
Iran

Christopher
    $400 3
(Christopher: Uh, that was too hard.)

87

Christopher
    $1,000 24
[The Law & Order "doink doink" sound signals the end of the round.]

ABBA

Christopher
    $400 4
(Kathryn: Huh!)

a lawn mower

Kathryn
    $400 9
a Passport

Kathryn
    $600 17
(Alex: Correctamente, sí.)

a sombrero

Sam
    $600 13
Lindbergh

Christopher
    $600 20
1776

Sam
    $600 6
(Sam: Nice.)

crabgrass

Kathryn
    $600 10
(Sam: What is a SoHo?)
...
(Kathryn: Nice.)
[Sam shrugs.]

Tribeca

SamChristopher
    $800 18
a coonskin cap

Christopher
    $800 14
Israel

Christopher
    $800 21
99

Christopher
    $800 7
nitrogen

Christopher
    $1000 19
Sherlock Holmes

Christopher
    $1000 15
MacArthur

Sam
    $1000 22
700

Sam
    $1000 8
an annual

Kathryn

Scores at the first commercial break (after clue 12):

Sam Kathryn Christopher
$0 $2,400 $2,400

Scores at the end of the Jeopardy! Round:

Sam Kathryn Christopher
$3,600 $2,400 $7,200

Double Jeopardy! Round responses

MOLECULAR BIOLOGY
TV COMEDY
SLAW & ORDER
(Alex: That's food from delicatessens.)
BESTSELLERS
I FORGOT MY LINE!
WHAT'S MY "Q"?
    $400 20
an X-ray

Christopher
    $400 6
(Kathryn: What is Cheers?)
(Alex: No. Christopher?)
(Christopher: Uh, what is the Jerry [*] Show? [*]?)
(Alex: It's called [*]. Yes.)

Seinfeld

KathrynChristopher
    $400 1
mustard

Kathryn
    $400 8
the Cabinet

Sam
    $400 14
Alice (in Wonderland)

Christopher
    $800 21
[The regular end-of-round signal sounds.]

a microscope

Christopher
    $800 7
Will & Grace

Christopher
    $800 2
(Kathryn: Cole slaw--what is cole slaw?)
(Alex: No, sorry.)
[Kathryn sobs]

sauerkraut

KathrynChristopher
    $800 9
(Christopher: What is...[rubs eyes, moves around, ducks behind podium])
(Alex: Oh, you're drawing a blank at the wrong time. Sam or Kathryn, either of you want to ring in?)
(Kathryn: I can't think of it.)
(Alex: You can't think of [*], either. Sorry, Sam, you pick again, though.)

The Da Vinci Code

Christopher
Triple Stumper
    $800 16
(Christopher: Who is Bela Lugosi?)
...
(Alex: [*], played by Bela Lugosi. Right.)

(Count) Dracula

SamChristopher
    $1200 18
the pea

Christopher
    $1200 3
Frasier

Christopher
    $1200 11
chicken soup

Sam
    $1200 10
(Alex: Yes, he's the one.)
(Sam: Oh, misery!)

Stephen King

Kathryn
    $1200 17
(Alex: Less than a minute now.)

Joan of Arc

Christopher
    $3,600 19
genes

Christopher
    $1600 4
Cheers

Kathryn
    $1600 12
a latke

Sam
    $1600 15
(Sam: Who is Cheryl Crawford?)
(Alex: No.)
...
(Sam: Oh, [*]. Shoot me now!)
(Alex: You forgot your line, Sam!)

Joan Crawford

SamKathryn
    $2000 5
Friends

Christopher
    $2000 13
salmon

Sam

Scores at the end of the Double Jeopardy! Round:

Sam Kathryn Christopher
$8,000 $6,000 $18,400
(lock game)

[wagering suggestions for these scores]

Final Jeopardy! Round responses

ACTORS & PLAYS
(Alex: Fool was a very important character in this tragedy.)
KathrynWhat
$2,000
SamWhat is King Lear?
$4,000
ChristopherWhat is Macbeth
$2,000
King Lear

Final scores:

Sam Kathryn Christopher
$12,000 $4,000 $16,400
2nd place: $25,000 to Refugees International & Oceana 3rd place: $25,000 to JusticeWorks Community & Planned Parenthood Federation of America Winner: $50,000 to the Big Apple Circus Clown Care Program & the Montefiore Advocacy Center

Game dynamics:

Coryat scores:

Sam Kathryn Christopher
$8,000 $6,000 $15,800
13 R,
2 W
8 R,
2 W
23 R
(including 2 DDs),
3 W

Combined Coryat: $29,800

[game clues] [game scores] [suggest correction]

Game tape date: 2006-10-05
The J! Archive is created by fans, for fans. Scraping, republication, monetization, and malicious use prohibited; this site may use cookies and collect identifying information. See terms. The Jeopardy! game show and all elements thereof, including but not limited to copyright and trademark thereto, are the property of Jeopardy Productions, Inc. and are protected under law. This website is not affiliated with, sponsored by, or operated by Jeopardy Productions, Inc. Join the discussion at JBoard.tv.